000 00891nam a2200229 i 4500
001 122583
003 ES-MaACL
005 20250903053812.0
007 t|
008 171107s1950 sp |||| | spa d
100 1 _aGual Villalbí, Pedro.
_960287
245 1 3 _aLa economía en la industria textil
_b: conferencia /
_cpor... D. Pedro Gual Villalbí.
260 _aBarcelona :
_b[s.n.],
_c1950.
300 _a16 p. ;
_c22 cm.
490 1 _aApuntes para la historia de la industrial textil española ;
_v5
594 _aPrecede al tít.: Asociación Nacional de Ingenieros Industriales Textiles.
650 4 _aIndustria textil-
_zEspaña.
_9159884
710 2 _aAsociación Nacional de Ingenieros Industriales (España)
_91761
830 0 0 _aApuntes para la historia de la industria textil española
_v5
_9192796
852 _aES-MaACL
_jE-3507
999 _c122583
_d122583